000
00476nam a2200169Ia 4500
008
090711s9999 xx 000 0 und d
082
_b
58120
100
_a
शर्मा सुरेश
245
_a
टारझन (भाग 7)
260
_c
1956
300
_a
218
600
_a
शर्मा सुरेश
630
_a
टारझन (भाग 7)
700
_a
शर्मा सुरेश
730
_a
टारझन (भाग 7)
942
_c
BOOK
999
_c
321466
_d
321466